01407nam a2200337Ia 4500001001200000003000800012006001900020007001500039008004100054020001500095040002100110035002000131050002700151082002500178245013700203260004300340300001700383490003900400504004100439533015200480650005900632650004800691650004500739650002600784655002900810700003000839710001700869830004000886856012600926999001701052ebr10052951CaPaEBRm u cr cn|||||||||040310s2004 dcu sb 000 0 eng d z0821358375 aCaPaEBRcCaPaEBR a(OCoLC)7077185814aHC59.72.T4bI53 2004eb04a303.48/33/09172422200aInnovation systemsh[electronic resource] :bWorld Bank support of science and technology development /cVinod K. Goel ... [et al.]. aWashington, D.C. :bWorld Bank,c2004. aviii, 107 p.1 aWorld Bank working paper ;vno. 32 aIncludes bibliographical references. aElectronic reproduction.bPalo Alto, Calif. :cebrary,d2009.nAvailable via World Wide Web.nAccess may be limited to ebrary affiliated libraries. 0aInformation technologyxFinancezDeveloping countries. 0aTechnology and statezDeveloping countries. 0aScience and statezDeveloping countries. 0aEconomic development. 7aElectronic books.2local1 aGoel, Vinod Kumar,d1961-2 aebrary, Inc. 0aWorld Bank working paper ;vno. 32.40uhttp://site.ebrary.com/lib/rucke/Doc?id=10052951zAn electronic book accessible through the World Wide Web; click to view c65094d65094